000 00830nam a2200229Ii 4500
003 JO-AjNU
008 230605s9999||||xx |||||||||||||| ||und||
017 _a1992/2/104
040 _aJO-AjNU
_bara
_erda
_cJO-AjNU
041 _aara
050 1 4 _aBP175.P93.B336 1992
100 3 _aبدري، مالك,
_eauthor
_952587
245 0 0 _aالتفكر من المشاهدة الى الشهود دراسة نفسية إسلامية
250 _aط2
264 3 1 _aعمان: المعهد العالمي للفكر الاسلامي، 1992
300 _a119ص
336 _atext
_btxt
_2rdacontent
337 _aunmediated
_bn
_2rdamedia
338 _avolume
_bnc
_2rdacarrier
490 0 _aسلسلة أبحاث علمية 3
650 4 _aالتفكير- الاسلام وعلم النفس- الفلسفة الاسلامية
_952588
999 _aA23304
_c26872
_d26872